| 000 | 00865nam a22001817a 4500 | ||
|---|---|---|---|
| 005 | 20250728111412.0 | ||
| 010 | _aHIN-130022 | ||
| 020 |
_a9789392259258 _c350.00 |
||
| 035 | _aHN-102368 | ||
| 037 | _bDBAD | ||
| 100 |
_aकेदारनाथ _983383 |
||
| 245 |
_aहथोदियों की चोट/ _cकेदारनाथ 'सविता' |
||
| 250 | _aप्रथम | ||
| 260 |
_aउत्तर प्रदेश _bहिंदी श्री पब्लिकेशन _c2021 |
||
| 270 |
_aकान्ति निवास, मलेपुर, सुरियावां, महुआपुर, संत रविदास नगर, _bउत्तर प्रदेश _e221404 _k9005638004 _k9530696004 |
||
| 300 |
_a136 पृ. _c21.8 सेमी (अजिल्द ) |
||
| 942 |
_2ddc _cHN _h821 _mकेदार |
||
| 999 |
_c212643 _d212643 |
||